000 00300nam a22001217a 4500
008 170527b xxu||||| |||| 00| 0 eng d
041 _aeng
080 _a624
100 _a27
101 _aIM
245 _aTHE MANUFACTURING TECHNOLOGY OF CONTINUOUS GLASS FIBRES
_cLOEWENSTEIN, K.L
942 _2udc
_cBK
999 _c14692
_d14692